000 00633nam a2200217Ia 4500
003 GCL
008 140319s9999 xx 000 0 ara d
040 _aGCL /
_cGCL
082 0 4 _a818
_bس ح
100 1 _aسيد صديق عبدالفتاح
245 1 0 _aحياتك من الفشل الى النجاح /
_cسيد صديق عبدالفتاح
260 _a[S.N] :
_bالدار المصرية اللبنانية ،
_c1992
300 _a211 ص
490 _a
650 0 4 _aالادب العربى
650 0 4 _aالحديث
650 0 4 _aالامثال
650 0 4 _aالفشل
650 0 4 _aالنجاح
942 _2ddc
_cBK
999 _c32283
_d32283